| 000 | 00823nmc a2200289 a 4500 | ||
|---|---|---|---|
| 003 | AR-BaBNM | ||
| 005 | 20251128211227.0 | ||
| 008 | 183020s1997 ||||||||||||||000 | spa|| | ||
| 020 | _a2-13-047803-4 | ||
| 040 | _cAR-BaBNM | ||
| 100 | 1 | _aBertrand, Yves | |
| 245 | 1 | 0 |
_aL'écologie à l'école _binventer un avenir pour la planète |
| 260 |
_aParis _bPresses Universitaires de France _c1997 |
||
| 300 | _a218 p. | ||
| 490 | 0 | _aL'èducateur | |
| 500 | _aContiene índice de nombres | ||
| 504 | _aContiene referencias bibliográficas p. 201-214 | ||
| 650 | 4 | _aECOLOGIA | |
| 650 | 4 | _aEDUCACION AMBIENTAL | |
| 650 | 4 | _aMEDIO AMBIENTE | |
| 653 | _aENSENANZA DE LAS CIENCIAS NATURALES | ||
| 700 | 1 | _aBalois, Paul | |
| 700 | 1 | _aJutras, France | |
| 800 | 1 | _aMialaret, Gastón | |
| 942 | _cBK | ||
| 998 | _craquel | ||
| 999 |
_c18812 _d18812 |
||